[Event "Czech Team Championship"]
[Site "Czech Rep CZE"]
[Date "2005.10.15"]
[EventDate "2005.10.15"]
[Round "1"]
[Result "1/2-1/2"]
[White "Lubomir Ftacnik"]
[Black "Aleksander Mista"]
[WhiteElo "2612"]
[BlackElo "2479"]
[PlyCount "80"]

1. d4 d5 2. Nf3 Nf6 3. c4 dxc4 4. e3 e6 5. Bxc4 c5 6. O-O a6
7. Bd3 Nbd7 8. Re1 b6 9. e4 cxd4 10. e5 Nd5 11. Nxd4 Qc7
12. Be4 Bb7 13. Bxd5 Bxd5 14. Nc3 Bb7 15. Qg4 h5 16. Nxe6 Qc6
17. Nxg7+ Bxg7 18. Qxg7 O-O-O 19. Ne4 Nc5 20. f3 Nxe4 21. fxe4
Rhg8 22. Qf6 Rg4 23. g3 Rxe4 24. Qxc6+ Bxc6 25. Bf4 Rd3
26. Rec1 Kd7 27. Rc2 Bd5 28. b3 a5 29. Kf2 Ke6 30. Rac1 Kf5
31. Rc3 Rxc3 32. Rxc3 a4 33. Rd3 Ke6 34. bxa4 Rxa4 35. a3 b5
36. h4 b4 37. axb4 Rxb4 38. Ra3 Rb2+ 39. Ke3 Rb3+ 40. Rxb3
Bxb3 1/2-1/2

[Event "Czech Team Championship"]
[Site "Czech Rep CZE"]
[Date "2005.12.04"]
[EventDate "2005.10.15"]
[Round "6"]
[Result "0-1"]
[White "Jiri Stocek"]
[Black "Aleksander Mista"]
[WhiteElo "2580"]
[BlackElo "2479"]
[PlyCount "112"]

1. d4 d6 2. e4 Nf6 3. Nc3 g6 4. Bf4 Nc6 5. Qd2 e5 6. dxe5 dxe5
7. Qxd8+ Kxd8 8. Bg5 Be7 9. O-O-O+ Bd7 10. Bc4 Ng4 11. Nh3 f6
12. Be6 Nd4 13. Bxd7 Kxd7 14. Bd2 g5 15. f3 Nh6 16. Nd5 c6
17. Nxe7 Kxe7 18. Nxg5 Rag8 19. Nh3 Nf7 20. Bb4+ Ke6 21. Bc5
Ne2+ 22. Kb1 b6 23. Be3 Rxg2 24. f4 Rhg8 25. fxe5 fxe5
26. Rde1 Nd6 27. Ng5+ Ke7 28. Nf3 Nc4 29. Bh6 Rf2 30. Rhf1
Rgg2 31. a4 Nd4 32. Rxf2 Rxf2 33. Nxd4 exd4 34. h4 Ke6 35. Bg5
c5 36. h5 Ne5 37. Rd1 Nf7 38. Bh4 Rh2 39. Bg3 Rxh5 40. Bb8 Ne5
41. Bxa7 Nd7 42. b3 Re5 43. c3 dxc3 44. Kc2 Rxe4 45. Rh1 Kd6
46. Rxh7 Kc6 47. Rxd7 Kxd7 48. Bxb6 Kc6 49. Ba5 Re2+ 50. Kxc3
Kd5 51. Bd8 Rf2 52. Bb6 Rh2 53. Bd8 Rf2 54. Bb6 Rf6 55. Ba7
Rh6 56. Kd3 Ra6 0-1

[Event "41st Rubinstein Mem Open A"]
[Site "Polanica Zdroj POL"]
[Date "2005.08.19"]
[EventDate "2005.08.19"]
[Round "1"]
[Result "1/2-1/2"]
[White "Jacek Orzechowski"]
[Black "Aleksander Mista"]
[WhiteElo "2235"]
[BlackElo "2474"]
[PlyCount "76"]

1. d4 d6 2. c4 Nf6 3. Nc3 Nbd7 4. e4 e5 5. Nf3 g6 6. Be2 Bg7
7. d5 O-O 8. Bg5 h6 9. Bh4 g5 10. Bg3 Nh5 11. h4 g4 12. Nh2 f5
13. exf5 Nxg3 14. fxg3 h5 15. O-O Nc5 16. f6 Rxf6 17. b4 e4
18. Qd2 e3 19. Qxe3 Bh6 20. Qd4 Rxf1+ 21. Nxf1 Bg7 22. Qd2 Na4
23. Rc1 Bxc3 24. Rxc3 Nxc3 25. Qxc3 Bf5 26. Ne3 Bg6 27. Bd3
Bxd3 28. Qxd3 Qf6 29. Nf5 Re8 30. Nd4 Re5 31. Kh2 a6 32. a4
Kh8 33. Ne6 c6 34. Nf4 Re1 35. Ng6+ Kg8 36. Nf4 Kh8 37. Ng6+
Kg8 38. Nf4 Kh8 1/2-1/2

[Event "Warmia & Mazury op"]
[Site "Ostroda"]
[Date "2005.08.06"]
[EventDate "?"]
[Round "1"]
[Result "0-1"]
[White "Paulina Kaminska"]
[Black "Aleksander Mista"]
[WhiteElo "1989"]
[BlackElo "2474"]
[PlyCount "98"]

1. e4 g6 2. d4 Bg7 3. Nf3 d6 4. Bd3 Nf6 5. O-O O-O 6. Re1 Nc6
7. c3 Nd7 8. Nbd2 e5 9. dxe5 Ndxe5 10. Bc2 Qf6 11. Nxe5 Nxe5
12. Nf1 Qh4 13. f3 Bd7 14. Be3 Rae8 15. Bf2 Qg5 16. Bg3 Qd8
17. Ne3 h5 18. f4 Ng4 19. Nxg4 Bxg4 20. Qd3 h4 21. Bf2 Bh6
22. Be3 Bd7 23. f5 Bxe3+ 24. Rxe3 Re5 25. Rf1 Bb5 26. c4 Bc6
27. Rf4 Rfe8 28. Rg4 Kg7 29. Qd2 Rh8 30. Rh3 Qe7 31. Qf4 Qf6
32. Rgxh4 Rxh4 33. Rxh4 gxf5 34. exf5 Ra5 35. Rg4+ Kf8 36. h4
Rxa2 37. h5 Rxb2 38. Bd3 a5 39. h6 Rxg2+ 40. Rxg2 Bxg2
41. Kxg2 a4 42. Qc1 Kg8 43. Bc2 Kh8 44. Bxa4 Qxf5 45. Qc3+ f6
46. Qg3 Qe4+ 47. Kh3 Qh1+ 48. Qh2 Qc1 49. Kg3 Qa3+ 0-1

[Event "Brno Chess Festival"]
[Site "Brno CZE"]
[Date "2006.06.30"]
[EventDate "2006.06.30"]
[Round "1"]
[Result "0-1"]
[White "Beata Kadziolka"]
[Black "Aleksander Mista"]
[WhiteElo "2359"]
[BlackElo "2489"]
[PlyCount "98"]

1. d4 d6 2. Nf3 Nf6 3. c4 Nbd7 4. Nc3 e5 5. Bg5 Be7 6. e3 O-O
7. Qc2 c6 8. Bd3 h6 9. Bh4 Re8 10. O-O-O Qa5 11. Kb1 Nf8
12. dxe5 dxe5 13. Bxf6 Bxf6 14. Ne4 Be7 15. c5 Ne6 16. Nd6
Bxd6 17. cxd6 Nf8 18. Nd2 Be6 19. Nb3 Qa4 20. Bf5 Bxf5
21. Qxf5 Rad8 22. Nc5 Qb4 23. Ne4 Re6 24. g4 Nh7 25. h4 Nf6
26. Nxf6+ Rxf6 27. Qxe5 Qxg4 28. d7 Qf5+ 29. Qxf5 Rxf5 30. Rd2
Rd5 31. Rxd5 cxd5 32. Rd1 Rxd7 33. Rd4 f5 34. Kc2 Kf7 35. Kd3
Kf6 36. Ra4 b6 37. Kd4 g5 38. hxg5+ Kxg5 39. Ke5 Re7+ 40. Kxd5
h5 41. Rc4 h4 42. Rc1 h3 43. Kd6 Rh7 44. Rg1+ Kh4 45. Rh1 Kg4
46. Rh2 Rh8 47. Kd7 Rh6 48. Ke7 Rc6 49. Rh1 Rc2 0-1

[Event "Brno Chess Festival"]
[Site "Brno CZE"]
[Date "2006.07.01"]
[EventDate "2006.06.30"]
[Round "2"]
[Result "1/2-1/2"]
[White "Aleksander Mista"]
[Black "Martin Petr"]
[WhiteElo "2489"]
[BlackElo "2416"]
[PlyCount "61"]

1. e4 e6 2. d4 d5 3. Nd2 c5 4. exd5 exd5 5. Ngf3 a6 6. Be2 c4
7. O-O Bd6 8. Re1 Ne7 9. b3 cxb3 10. axb3 Nbc6 11. Nf1 O-O
12. Ne3 h6 13. Bb2 Be6 14. Ne5 Qc7 15. f4 Nf5 16. Bf3 Nxe3
17. Rxe3 Nxe5 18. fxe5 Be7 19. Qd3 Rac8 20. c3 Qd7 21. Rf1 f5
22. exf6 Bxf6 23. Bd1 Bg5 24. Ref3 Rxf3 25. Qxf3 Be7 26. Bc2
Rf8 27. Qd3 Rxf1+ 28. Kxf1 Kf8 29. Bc1 Bd6 30. Kg1 Qf7 31. Bd2
1/2-1/2

[Event "Brno Chess Festival"]
[Site "Brno CZE"]
[Date "2006.07.02"]
[EventDate "2006.06.30"]
[Round "3"]
[Result "1-0"]
[White "Jacek Stopa"]
[Black "Aleksander Mista"]
[WhiteElo "2469"]
[BlackElo "2489"]
[PlyCount "99"]

1. e4 g6 2. d4 Bg7 3. Nc3 c6 4. h3 d6 5. f4 b5 6. Be3 Nd7
7. Nf3 Bb7 8. Bd3 Qc7 9. O-O a6 10. a4 b4 11. Ne2 c5 12. c3
Ngf6 13. Rc1 b3 14. Qxb3 Nxe4 15. d5 Nef6 16. c4 O-O 17. f5
Rfe8 18. Ng3 Nf8 19. Qc2 Bc8 20. b3 Rb8 21. Rb1 Rb7 22. Qd2
Qb8 23. Bc2 e6 24. dxe6 fxe6 25. fxg6 hxg6 26. Bf4 e5 27. Bg5
N6h7 28. Be3 Rf7 29. Ne4 Re6 30. Neg5 Nxg5 31. Nxg5 Rxf1+
32. Rxf1 Re7 33. Qd5+ Kh8 34. Nf7+ Kh7 35. Qxd6 Qxd6 36. Nxd6
Rc7 37. Ne8 Rd7 38. Nxg7 Kxg7 39. Bxc5 Ne6 40. Be3 Nd4
41. Bxd4 exd4 42. Rf3 Bb7 43. Rg3 Rd6 44. Kf2 Kh6 45. Ke2 Re6+
46. Kd3 Be4+ 47. Kd2 Bb7 48. Rg4 g5 49. Kd3 Bc8 50. Rxd4 1-0

[Event "Brno Chess Festival"]
[Site "Brno CZE"]
[Date "2006.07.03"]
[EventDate "2006.06.30"]
[Round "5"]
[Result "1/2-1/2"]
[White "Petr Pisk"]
[Black "Aleksander Mista"]
[WhiteElo "2357"]
[BlackElo "2489"]
[PlyCount "127"]

1. d4 g6 2. e4 Bg7 3. Nc3 c6 4. h3 d6 5. Be3 b5 6. Bd3 Nd7
7. Nf3 Qc7 8. O-O Ngf6 9. a4 b4 10. Na2 c5 11. c3 c4 12. Bb1
b3 13. Nc1 e5 14. Ne2 a5 15. Ng3 Bb7 16. Nd2 h5 17. Qe2 h4
18. Nh1 Rc8 19. f4 Nh5 20. f5 Bf6 21. fxg6 fxg6 22. Nf3 O-O
23. Qe1 Qd8 24. Kh2 Qe7 25. Bf2 Rf7 26. Rg1 Rcf8 27. Bxh4 Bxh4
28. Qxh4 Qxh4 29. Nxh4 Kg7 30. Nf3 Nf4 31. Ng5 Re7 32. Rd1 Nf6
33. Ng3 N6h5 34. Nf1 exd4 35. cxd4 d5 36. Ne3 Ne6 37. Nf3 dxe4
38. Nd2 Nxd4 39. Ndxc4 Nf5 40. Ra3 Ba6 41. Rxb3 Bxc4 42. Nxc4
e3 43. Bxf5 e2 44. Re1 Rxf5 45. Re3 Rxe3 46. Nxe3 Re5 47. Rxe2
Nf4 48. Rf2 Nd3 49. Ng4 Re7 50. Rd2 Nc5 51. Rd5 Nxa4 52. b3
Nc3 53. Rxa5 Rb7 54. Ra6 Nd5 55. Rd6 Nf4 56. g3 Ne2 57. Ne5
Rxb3 58. Rxg6+ Kh7 59. h4 Re3 60. Rg5 Nxg3 61. Nc4 Ne4
62. Rh5+ Kg6 63. Nxe3 Kxh5 64. Kg2 1/2-1/2

[Event "Brno Chess Festival"]
[Site "Brno CZE"]
[Date "2006.07.05"]
[EventDate "2006.06.30"]
[Round "7"]
[Result "0-1"]
[White "Ido Porat"]
[Black "Aleksander Mista"]
[WhiteElo "2346"]
[BlackElo "2489"]
[PlyCount "64"]

1. d4 d5 2. Nf3 Nf6 3. c4 dxc4 4. e3 e6 5. Bxc4 c5 6. O-O a6
7. a4 Nc6 8. Nc3 cxd4 9. exd4 Nb4 10. Bg5 Be7 11. Re1 O-O
12. Qd2 b6 13. Ne5 Bb7 14. Rad1 Rc8 15. f4 Nbd5 16. Ba2 Nxc3
17. bxc3 Ne4 18. Bxe7 Qxe7 19. Rxe4 Bxe4 20. Re1 Qb7 21. Nc4
Rfd8 22. Nxb6 Qxb6 23. Rxe4 Qc6 24. Re3 Qxa4 25. f5 exf5
26. Re7 Rf8 27. d5 Qa3 28. d6 Qc5+ 29. Kh1 Rcd8 30. Qd5 Qxc3
31. g3 Qf6 32. Rxf7 Rxf7 0-1

[Event "Brno Chess Festival"]
[Site "Brno CZE"]
[Date "2006.07.07"]
[EventDate "2006.06.30"]
[Round "9"]
[Result "1-0"]
[White "Aleksander Mista"]
[Black "Radek Kalod"]
[WhiteElo "2489"]
[BlackElo "2495"]
[PlyCount "151"]

1. e4 e5 2. Nf3 Nf6 3. Nxe5 d6 4. Nf3 Nxe4 5. d4 d5 6. Bd3 Nc6
7. O-O Be7 8. c4 Nf6 9. Nc3 O-O 10. Re1 Bg4 11. cxd5 Nxd5
12. h3 Be6 13. Be4 Re8 14. Qd3 h6 15. Bd2 Ncb4 16. Qf1 c6
17. a3 Na6 18. Bc2 Bf8 19. Ne5 Nac7 20. Qd3 Nf6 21. g4 c5
22. Ne4 Nxe4 23. Qxe4 f5 24. gxf5 Bd5 25. Qd3 Qf6 26. Bf4 c4
27. Qg3 Nb5 28. Ng4 Qc6 29. Be5 Rxe5 30. Qxe5 Bd6 31. Qe3 Qc7
32. a4 Bf4 33. Qe7 Nxd4 34. Bd1 Nxf5 35. Qxc7 Bxc7 36. Ne3
Nxe3 37. Rxe3 Rf8 38. Bg4 Bb6 39. Re2 Rf4 40. a5 Bc5 41. Rd1
Bc6 42. Rd8+ Kh7 43. a6 Bb6 44. axb7 Bxb7 45. Rb8 Bd5 46. Rbe8
Kg6 47. Rd2 Bf7 48. Re7 h5 49. Be6 Bxe6 50. Rxe6+ Kh7 51. Rc6
g6 52. Kg2 Kh6 53. f3 Rf5 54. h4 Rc5 55. Re6 c3 56. Rd7 Rc4
57. bxc3 Rxh4 58. Rdd6 Ra4 59. Rxg6+ Kh7 60. Rge6 Kg7 61. Rd7+
Kf8 62. Rc6 Ra2+ 63. Kh3 Ke8 64. Rh7 Kd8 65. Rg6 Kc8 66. Rg8+
Bd8 67. Rxh5 Rd2 68. c4 Kb7 69. Rd5 Rxd5 70. cxd5 Bb6 71. Rg7+
Kc8 72. Kg4 a5 73. Kf5 a4 74. Rg4 a3 75. Ra4 Bc5 76. Rc4 1-0

[Event "Brno Chess Festival"]
[Site "Brno CZE"]
[Date "2006.07.08"]
[EventDate "2006.06.30"]
[Round "10"]
[Result "0-1"]
[White "Jiri Jirka"]
[Black "Aleksander Mista"]
[WhiteElo "2393"]
[BlackElo "2489"]
[PlyCount "102"]

1. d4 d5 2. Nf3 Nf6 3. c4 dxc4 4. g3 Nc6 5. Bg2 e5 6. Qa4 e4
7. Ne5 Bd7 8. Nxd7 Qxd7 9. e3 Nb4 10. Qxd7+ Kxd7 11. Kd1 Re8
12. Bh3+ Kc6 13. a4 a6 14. Ke2 Nfd5 15. Bd2 Nd3 16. a5 h5
17. Nc3 Nxc3+ 18. Bxc3 h4 19. g4 Bd6 20. b3 cxb3 21. f3 b2
22. Rab1 Nc1+ 23. Kd2 exf3 24. Rf1 Ne2 25. Bxb2 Ng3 26. Rfc1+
Kd5 27. Kd3 Ne4 28. Rf1 Ng5 29. Rxf3 Nxf3 30. Bg2 c6 31. Bxf3+
Ke6 32. h3 Kd7 33. d5 f6 34. Bd4 c5 35. Bc3 Kc7 36. e4 Be5
37. Bd2 Rb8 38. Kc4 Bd6 39. Rb6 Kd7 40. Rb1 Ke7 41. Bd1 Rhc8
42. g5 Rf8 43. Bg4 Kd8 44. Bf5 Kc7 45. Rb6 fxg5 46. Bxg5 Rbe8
47. Bg6 Re5 48. Be3 Rf6 49. Bh7 g6 50. Rxd6 Rxe4+ 51. Kd3
Rxe3+ 0-1

[Event "Brno Chess Festival"]
[Site "Brno CZE"]
[Date "2006.07.09"]
[EventDate "2006.06.30"]
[Round "11"]
[Result "1-0"]
[White "Aleksander Mista"]
[Black "Jan Bernasek"]
[WhiteElo "2489"]
[BlackElo "2452"]
[PlyCount "53"]

1. e4 c5 2. Nf3 Nc6 3. d4 cxd4 4. Nxd4 Nf6 5. Nc3 e5 6. Ndb5
d6 7. Bg5 a6 8. Na3 b5 9. Nd5 Be7 10. Bxf6 Bxf6 11. c3 Bg5
12. Nc2 O-O 13. a4 bxa4 14. Rxa4 a5 15. Bc4 Rb8 16. b3 Kh8
17. Nce3 g6 18. h4 Bxh4 19. g3 Bg5 20. f4 exf4 21. gxf4 Bh4+
22. Kd2 f5 23. Kc1 fxe4 24. Qg1 g5 25. Ra2 Rb7 26. Rg2 gxf4
27. Nxf4 1-0

[Event "European Individual Championship"]
[Site "Plovdiv BUL"]
[Date "2008.04.21"]
[EventDate "2008.04.21"]
[Round "1"]
[Result "0-1"]
[White "Pierre Gengler"]
[Black "Aleksander Mista"]
[WhiteElo "2200"]
[BlackElo "2537"]
[PlyCount "104"]

1. e4 c5 2. Nc3 d6 3. g3 g6 4. Nge2 Nc6 5. d4 Bg4 6. dxc5 dxc5
7. Qxd8+ Rxd8 8. Bg2 Nb4 9. O-O Nxc2 10. Rb1 Bg7 11. h3 Bc8
12. Nb5 a6 13. Nc7+ Kf8 14. Nd5 Bd7 15. Bf4 Bb5 16. Ndc3 Nd4
17. Rfe1 Bd3 18. Rbc1 e5 19. Be3 Nf6 20. Bg5 Ne6 21. h4 Rd6
22. Rcd1 Nxg5 23. hxg5 Ne8 24. Nc1 Bc4 25. Rxd6 Nxd6 26. Na4
h6 27. gxh6 Bxh6 28. Nxc5 Bxc1 29. Rxc1 Bxa2 30. Nd7+ Ke7
31. Nxe5 Rc8 32. Rxc8 Nxc8 33. Ng4 a5 34. Ne3 b5 35. Kf1 Nb6
36. Ke1 Na4 37. Bf1 b4 38. Bc4 Bb1 39. Bb5 Nxb2 40. Kd2 Bxe4
41. f3 Bxf3 42. Kc1 Nd1 43. Nxd1 Bxd1 44. Kxd1 f5 45. Kc2 Kd6
46. Kb3 g5 47. Ka4 Kc5 48. Kxa5 b3 49. Ka4 b2 50. Bd3 f4
51. gxf4 g4 52. Kb3 g3 0-1

[Event "European Individual Championship"]
[Site "Plovdiv BUL"]
[Date "2008.04.23"]
[EventDate "2008.04.21"]
[Round "3"]
[Result "1-0"]
[White "Anatoly Bykhovsky"]
[Black "Aleksander Mista"]
[WhiteElo "2394"]
[BlackElo "2537"]
[PlyCount "67"]

1. d4 d5 2. Nf3 Nf6 3. c4 dxc4 4. e3 e6 5. Bxc4 a6 6. O-O c5
7. Bb3 cxd4 8. exd4 Nc6 9. Nc3 Be7 10. a4 O-O 11. Bg5 b6
12. d5 Nxd5 13. Bxd5 exd5 14. Qxd5 Bb7 15. Rfe1 Bxg5 16. Nxg5
Qf6 17. Nge4 Qg6 18. Qd7 Rab8 19. Rad1 f5 20. Rd6 Ne5 21. Rxg6
Nxd7 22. Rd6 Ne5 23. Ng5 Nc4 24. Rd7 Bc6 25. Rc7 Rf6 26. Ree7
Rg6 27. h4 f4 28. Ne2 Rf8 29. Nd4 Bd5 30. Nde6 Bxe6 31. Nxe6
f3 32. Nxf8 Rxg2+ 33. Kh1 Rxf2 34. Ne6 1-0

[Event "European Individual Championship"]
[Site "Plovdiv BUL"]
[Date "2008.04.25"]
[EventDate "2008.04.21"]
[Round "5"]
[Result "0-1"]
[White "Iveri Chighladze"]
[Black "Aleksander Mista"]
[WhiteElo "2384"]
[BlackElo "2537"]
[PlyCount "84"]

1. d4 d5 2. c4 dxc4 3. Nf3 Nf6 4. e3 e6 5. Bxc4 a6 6. O-O c5
7. dxc5 Qxd1 8. Rxd1 Bxc5 9. a3 Nbd7 10. Nbd2 b6 11. b4 Bd6
12. Bb2 Bb7 13. Be2 Rc8 14. Nc4 Bb8 15. Bxf6 gxf6 16. Rxd7
Kxd7 17. Nxb6+ Ke7 18. Nxc8+ Rxc8 19. b5 a5 20. a4 Rc3 21. h3
f5 22. Nd4 Be5 23. Rd1 f4 24. exf4 Bxf4 25. Bf3 Bxf3 26. gxf3
Bc7 27. Nc6+ Ke8 28. Kg2 Bb6 29. Ne5 Rc2 30. Nd3 Ke7 31. Rc1
Rxc1 32. Nxc1 Kd6 33. Nd3 Kd5 34. Kg3 Kd4 35. Nf4 Kc4 36. Kg4
Kb4 37. Kg5 Kxa4 38. Kf6 Kxb5 39. Kxf7 a4 40. Kxe6 a3 41. Ne2
Kc4 42. Nc1 Bxf2 0-1

[Event "Polish Team Championship I Liga"]
[Site "Ustron POL"]
[Date "2009.09.19"]
[EventDate "2009.??.??"]
[Round "8"]
[Result "0-1"]
[White "Aleksander Mista"]
[Black "Piotr Staniszewski"]
[WhiteElo "2579"]
[BlackElo "2381"]
[PlyCount "68"]

1. e4 e5 2. f4 exf4 3. Nf3 g5 4. d4 Bg7 5. h4 h6 6. hxg5 hxg5
7. Rxh8 Bxh8 8. g3 g4 9. Nh4 f3 10. Nc3 d6 11. Be3 Bf6
12. Nxf3 gxf3 13. Qxf3 Bg5 14. Bxg5 Qxg5 15. Nd5 Qd8 16. O-O-O
Be6 17. Bc4 Nd7 18. Kb1 Ndf6 19. Rf1 Bxd5 20. Bxd5 c6 21. Bb3
Qe7 22. Qf5 Qxe4 23. Qa5 Kf8 24. Qb4 Qe7 25. Re1 Qd7 26. d5 c5
27. Qa5 Re8 28. Rxe8+ Qxe8 29. a4 Qb8 30. Qd2 Qc7 31. Bc4 Ng4
32. a5 Ne5 33. Bb5 c4 34. Ba4 Qc5 0-1

[Event "Polish Team Championship I Liga"]
[Site "Ustron POL"]
[Date "2009.09.12"]
[EventDate "?"]
[Round "1"]
[Result "0-1"]
[White "Aleksander Mista"]
[Black "Imre Hera Jr"]
[WhiteElo "2579"]
[BlackElo "2567"]
[PlyCount "82"]

1. e4 e5 2. Nc3 Nf6 3. Bc4 Nxe4 4. Qh5 Nd6 5. Bb3 Be7 6. Nf3
Nc6 7. Nxe5 g6 8. Nxc6 dxc6 9. Qf3 O-O 10. d3 Nf5 11. O-O Nd4
12. Qg3 a5 13. Re1 b5 14. a4 Be6 15. Bh6 Bd6 16. f4 Bxb3
17. cxb3 Nf5 18. Qh3 Nxh6 19. Qxh6 Qf6 20. Rf1 Rfe8 21. f5
Qd4+ 22. Kh1 Qxd3 23. axb5 cxb5 24. Rad1 Qe3 25. Qh4 Qe7
26. Qh3 Qe3 27. Qh4 Qe7 28. f6 Qe5 29. Rd5 Qe3 30. Rdd1 Re5
31. Nd5 Qg5 32. Qxg5 Rxg5 33. Rfe1 Kf8 34. g3 Re8 35. Ne7 Re5
36. Rxe5 Bxe5 37. Rd7 Bxf6 38. Nd5 Be5 39. Nxc7 Bxc7 40. Rxc7
Re1+ 41. Kg2 Re2+ 0-1

[Event "TCh-CZE 2010-11"]
[Site "Czech Rep CZE"]
[Date "2010.12.04"]
[EventDate "2010.11.06"]
[Round "3.1"]
[Result "0-1"]
[White "Aleksander Mista"]
[Black "Lubomir Ftacnik"]
[WhiteElo "2565"]
[BlackElo "2578"]
[PlyCount "86"]

1. e4 c5 2. Nf3 d6 3. d4 cxd4 4. Nxd4 Nf6 5. Nc3 a6 6. Be2 e6
7. f4 Be7 8. Be3 O-O 9. O-O Nc6 10. a4 Qc7 11. Kh1 Re8 12. Bf3
Nd7 13. Qe1 Nb6 14. Rd1 Bd7 15. Qg3 Nc4 16. Bc1 Nxd4 17. Rxd4
b5 18. e5 Rad8 19. Bh5 Qc5 20. Rd3 Bc6 21. axb5 axb5 22. b3 b4
23. Ne2 Na5 24. Be3 Qxc2 25. Bb6 Bb5 26. Bxd8 Bxd8 27. f5 exf5
28. e6 Rxe6 29. Rxd6 Bc7 30. Rd2 Qxd2 31. Qxc7 g6 32. Rxf5 Be8
33. Qg3 Nc6 34. Rf1 Re3 35. Qg4 Ne5 36. Qc8 Nd3 37. Ng3 Qc3
38. Qd8 Qxb3 39. Bg4 Qc3 40. Nf5 Re1 41. Nh6+ Kg7 42. Nf5+
gxf5 43. Qg5+ Kh8 0-1

[Event "TCh-CZE 2010-11"]
[Site "Frydek Mistek CZE"]
[Date "2010.11.06"]
[EventDate "2010.11.05"]
[Round "1.1"]
[Result "1/2-1/2"]
[White "Tomas Polak"]
[Black "Aleksander Mista"]
[WhiteElo "2532"]
[BlackElo "2565"]
[PlyCount "119"]

1. d4 d5 2. c4 dxc4 3. Nf3 Nf6 4. e3 e6 5. Bxc4 c5 6. O-O a6
7. dxc5 Bxc5 8. Qxd8+ Kxd8 9. Ne5 Ke7 10. Be2 Bd7 11. Bf3 Nc6
12. Nxc6+ Bxc6 13. Bxc6 bxc6 14. Bd2 Rhb8 15. Rc1 Bb4 16. b3
c5 17. Nc3 a5 18. Be1 Nd7 19. Kf1 Bxc3 20. Bxc3 a4 21. Rab1
axb3 22. Rxb3 Rxa2 23. Rxb8 Nxb8 24. Bxg7 Nd7 25. e4 Kd6
26. Bh6 Ra4 27. f3 c4 28. Rc2 Kc5 29. Ke2 Ne5 30. Bf8+ Kb5
31. Ke3 Nd3 32. Kd4 e5+ 33. Kc3 Ra1 34. Bd6 Ra6 35. Be7 Re6
36. Bf8 Re8 37. Bd6 Rd8 38. Be7 Rd7 39. Bf8 Nc5 40. Rd2 Rd4
41. Bxc5 Kxc5 42. Ra2 Rd3+ 43. Kc2 Re3 44. Ra7 Re2+ 45. Kc3
Rxg2 46. Rc7+ Kd6 47. Rxf7 Rxh2 48. Kxc4 Rc2+ 49. Kd3 Rc7
50. Rf6+ Ke7 51. Rh6 Kf8 52. Rh5 Rf7 53. Ke3 Re7 54. f4 exf4+
55. Kxf4 Ra7 56. Kf5 Ra6 57. Rxh7 Ke8 58. e5 Rb6 59. e6 Rb1
60. Rh8+ 1/2-1/2

[Event "TCh-CZE 2010-11"]
[Site "Frydek Mistek CZE"]
[Date "2010.11.07"]
[EventDate "2010.11.05"]
[Round "2.1"]
[Result "1/2-1/2"]
[White "Aleksander Mista"]
[Black "Kamil Miton"]
[WhiteElo "2565"]
[BlackElo "2616"]
[PlyCount "35"]

1. e4 e5 2. Nf3 Nc6 3. Bb5 Nf6 4. O-O Nxe4 5. d4 Nd6 6. Bxc6
dxc6 7. dxe5 Nf5 8. Qxd8+ Kxd8 9. Nc3 Ke8 10. h3 h5 11. b3 Be7
12. Bb2 Be6 13. Rad1 a5 14. a4 Rd8 15. Ne4 Rxd1 16. Rxd1 Rh6
17. Nfg5 Bc8 18. Re1 1/2-1/2

[Event "French Team Championships"]
[Site "Mulhouse FRA"]
[Date "2011.06.01"]
[EventDate "2011.05.26"]
[Round "7"]
[Result "1/2-1/2"]
[White "Eduardas Rozentalis"]
[Black "Aleksander Mista"]
[WhiteElo "2573"]
[BlackElo "2569"]
[PlyCount "87"]

1. e4 c5 2. Nf3 Nc6 3. c3 Nf6 4. e5 Nd5 5. Bc4 Nb6 6. Be2 d6
7. exd6 Qxd6 8. d4 cxd4 9. Nxd4 Nxd4 10. cxd4 g6 11. Nc3 Bg7
12. Be3 O-O 13. O-O Be6 14. Bf3 Bd5 15. Nxd5 Nxd5 16. Qb3 e6
17. Rac1 b6 18. Bxd5 Qxd5 19. Qxd5 exd5 20. Rc7 f5 21. g3 Rf7
22. Rfc1 Re8 23. b4 Re4 24. Rc8+ Rf8 25. Rxf8+ Kxf8 26. Rc8+
Kf7 27. Rc7+ Re7 28. Rc3 h6 29. h4 g5 30. hxg5 hxg5 31. Bxg5
Bxd4 32. Rd3 Re4 33. Kf1 Bf6 34. Bd2 d4 35. Bf4 Re7 36. Rd1 b5
37. Rc1 d3 38. Be3 Re4 39. Rc7+ Kg6 40. a3 Bd4 41. Rd7 Bxe3
42. fxe3 Rxe3 43. Kf2 Re2+ 44. Kf3 1/2-1/2

[Event "French Team Championships"]
[Site "Mulhouse FRA"]
[Date "2011.06.02"]
[EventDate "2011.05.26"]
[Round "8"]
[Result "1/2-1/2"]
[White "Alexander Kovchan"]
[Black "Aleksander Mista"]
[WhiteElo "2558"]
[BlackElo "2569"]
[PlyCount "143"]

1. e4 c5 2. Nf3 Nc6 3. d4 cxd4 4. Nxd4 Nf6 5. Nc3 e5 6. Ndb5
d6 7. Bg5 a6 8. Na3 b5 9. Nd5 Be7 10. Bxf6 Bxf6 11. c4 b4
12. Nc2 O-O 13. Be2 a5 14. O-O Bg5 15. Qd3 Be6 16. Rfd1 Rb8
17. b3 g6 18. h3 Rb7 19. Nde3 Qb6 20. Bg4 Rd7 21. Nd5 Qc5
22. Qg3 Bd8 23. Nde3 Kh8 24. Qf3 f5 25. exf5 gxf5 26. Nxf5 Nd4
27. Nfxd4 Rxf3 28. Nxf3 Bxg4 29. hxg4 Bb6 30. Ne3 Qc8 31. Nf5
e4 32. Ng5 e3 33. fxe3 Qg8 34. Ne4 Qxg4 35. Nexd6 Bc5 36. Rd5
Bxd6 37. Nxd6 Qe6 38. Rad1 Qxe3+ 39. Kh1 Qh6+ 40. Kg1 Qe3+
41. Kh1 Qe2 42. R5d2 Qh5+ 43. Kg1 h6 44. Rd5 Qe2 45. R5d2 Qe3+
46. Kh1 Kh7 47. Rd5 Qe2 48. R5d2 Qg4 49. Rd4 Qg6 50. R4d2 Rd8
51. Kg1 Qh5 52. Rd5 Qe2 53. R5d2 Qe3+ 54. Kh1 Rf8 55. Nb7 Rf4
56. Rd7+ Kg6 57. R7d6+ Kg5 58. R1d5+ Rf5 59. Nxa5 Kg4 60. Rxf5
Kxf5 61. Rd7 Qe1+ 62. Kh2 Qe5+ 63. Kh1 Kg4 64. Rd3 Qxa5
65. Rf3 Qxa2 66. Kh2 h5 67. Kh1 Qa1+ 68. Kh2 Qe5+ 69. Kh1 h4
70. Kg1 Qe1+ 71. Kh2 Qc1 72. Rh3 1/2-1/2

[Event "French Team Championships"]
[Site "Mulhouse FRA"]
[Date "2011.06.03"]
[EventDate "2011.05.26"]
[Round "9"]
[Result "1/2-1/2"]
[White "Aleksander Mista"]
[Black "Konstantin Landa"]
[WhiteElo "2569"]
[BlackElo "2613"]
[PlyCount "31"]

1. e4 e5 2. Nf3 Nf6 3. Nxe5 d6 4. Nf3 Nxe4 5. d4 d5 6. Bd3 Bd6
7. O-O O-O 8. c4 c6 9. Re1 Bf5 10. c5 Bc7 11. Nc3 Re8 12. Qc2
Na6 13. a3 Bg6 14. Bg5 Nxg5 15. Nxg5 Qe7 16. Nf3 1/2-1/2

[Event "French Team Championships"]
[Site "Mulhouse FRA"]
[Date "2011.06.04"]
[EventDate "2011.05.26"]
[Round "10"]
[Result "1/2-1/2"]
[White "Simon Kim Williams"]
[Black "Aleksander Mista"]
[WhiteElo "2520"]
[BlackElo "2569"]
[PlyCount "71"]

1. b3 e5 2. Bb2 Nc6 3. e3 Nf6 4. Bb5 Bd6 5. Nh3 a6 6. Be2 Be7
7. d4 exd4 8. exd4 d5 9. Nf4 Bd6 10. Nd3 O-O 11. O-O Re8
12. Nd2 Ne4 13. Nf3 Ba3 14. Bxa3 Nc3 15. Qd2 Nxe2+ 16. Kh1
Nexd4 17. Nxd4 Nxd4 18. Nf4 Nb5 19. Bb2 Qg5 20. Rad1 c6 21. c4
dxc4 22. bxc4 Nc7 23. Qd6 Qe7 24. Qd4 f6 25. Qb6 Bf5 26. Bc3
Ne6 27. Rfe1 Qf7 28. Ne2 Ng5 29. Ng3 Bc2 30. Rxe8+ Rxe8
31. Rd8 h5 32. h4 Ne4 33. Nxe4 Bxe4 34. f3 Bg6 35. Rxe8+ Qxe8
36. Qxb7 1/2-1/2

[Event "French Team Championships"]
[Site "Mulhouse FRA"]
[Date "2011.06.05"]
[EventDate "2011.05.26"]
[Round "11"]
[Result "0-1"]
[White "Aleksander Mista"]
[Black "Alberto David"]
[WhiteElo "2569"]
[BlackElo "2593"]
[PlyCount "134"]

1. e4 e5 2. Nf3 Nc6 3. Bb5 a6 4. Ba4 Nge7 5. c3 d6 6. d4 Bd7
7. O-O Ng6 8. d5 Nb8 9. c4 Bxa4 10. Qxa4+ Nd7 11. Be3 Be7
12. Nbd2 h6 13. b4 Bg5 14. c5 Bxe3 15. fxe3 O-O 16. Qc2 b6
17. cxd6 cxd6 18. Qc6 Nf6 19. Rac1 b5 20. Qb7 Qb8 21. Qxb8
Rfxb8 22. Rc6 a5 23. Rxd6 axb4 24. Rb1 Rxa2 25. h3 Rc8 26. Rb6
Rcc2 27. Rd1 b3 28. Rxb5 b2 29. Kh2 Ra3 30. Rb1 Rxe3 31. R1xb2
Rxb2 32. Rxb2 Re2 33. Kg1 Nf4 34. d6 Rxg2+ 35. Kf1 Re2 36. Ng1
Rf2+ 37. Kxf2 Nd3+ 38. Ke2 Nxb2 39. Ngf3 Nd7 40. Nh4 g6
41. Ng2 f6 42. Ne3 Kf7 43. Nf3 Na4 44. Kd3 Nac5+ 45. Kc4 Ke6
46. Nd2 Nb7 47. Kb5 Nxd6+ 48. Kc6 f5 49. Nd5 Ne8 50. exf5+
gxf5 51. Nf3 Nb8+ 52. Kc5 Na6+ 53. Kc6 Nd6 54. Ne3 Nb4+
55. Kc5 Nd3+ 56. Kc6 Nb4+ 57. Kc5 Nd3+ 58. Kc6 Nf4 59. h4 e4
60. Ne1 Ne2 61. N1g2 f4 62. Ng4 h5 63. Nf2 Ke5 64. Kd7 Nf5
65. Ke8 f3 66. Ne1 Nxh4 67. Kf7 Kf4 0-1